Are You Smarter Than a College Student? IX Quiz Stats

 Plays Quiz Updated Mar 27, 2018

Score 0/30 Timer 07:00
2 Plays Today
% Correct
Easyhockey
99.1%
EasyHonda
95.7%
Easyhearing
95.6%
EasyHomer
95.5%
EasyHarvard University
92.7%
EasyHalo
92.1%
Easyhexagon
85.6%
Easyhula hoop
83.8%
Easyhops
81.7%
EasyHouston
80.3%
Mediumhyena
78.2%
MediumHalloween
74.3%
Mediumhelium
74.1%
MediumHelsinki
68.1%
MediumHera
63.7%
% Correct
MediumHeat
63%
Mediumhand
62.2%
MediumHonduras
59.6%
MediumHeroes
54.4%
Mediumhumerus
53.6%
Hardhuit
52.3%
HardWilliam Henry Harrison
47.2%
HardHenry V
41.6%
HardHo Chi Minh City
40%
HardHole
39.9%
HardHalliburton
33.6%
HardHelp!
30.6%
HardWerner Heisenberg
29%
Hardhavarti
24.8%
HardThomas Hardy
24.5%

You're not logged in!

Compare scores with friends on all Sporcle quizzes.
OR
Log In

You Might Also Like...

Show Comments

Extras

Top Quizzes Today


Score Distribution

Your Account Isn't Verified!

In order to create a playlist on Sporcle, you need to verify the email address you used during registration. Go to your Sporcle Settings to finish the process.

Report this User

Report this user for behavior that violates our Community Guidelines.

Details: